000 00751nam a22002177a 4500
003 BUBTL
008 211123b ||||| |||| 00| 0 eng d
020 _a9788194113843
082 _a658.152/ C3617p/ 2019
100 _91803
_aChandra, Prasanna
245 _aProjects :
_bplanning, analysis, selection, implementation, and review /
_cPrasanna Chandra
250 _a9th Edn.
260 _aIndia:
_bMcGraw Hill Education ( India) Private Limited
_cc2019
300 _axx, 700 p.:
_c24 cm.
500 _aIncludes Index
505 _aProjects, planning, analysis, selection, implementation, and review, Prasanna Chandra
650 0 _939
_aManagement
856 _k0
_l0
_yDownload
942 _2ddc
_cBK
999 _c6576
_d6576